000 01312cam a2200337 a 4500
001 EDZ0000019095
003 StDuBDS
005 20161031105132.0
006 m||||||||d||||||||
007 cr |||||||||||
008 110107s2006 enka fo| 001|0|eng d
020 _a9781848607972 (ebook) :
_cNo price
040 _aStDuBDS
_beng
_cStDuBDS
_epn
049 _aAlfaisal Main Library
050 4 _aGN406
082 0 4 _a306.46
_223
245 0 0 _aHandbook of material culture
_h[electronic resource] /
_cedited by Christopher Tilley ... [et al.].
260 _aLondon :
_bSAGE,
_c2006.
300 _a1 online resource (xvii, 556 p.) :
_bill.
520 8 _aThe 'Handbook of Material Culture' provides a critical survey of the theories, concepts, intellectual debates, substantive domains and traditions of study characterizing the analysis of things.
521 _aSpecialized.
588 _aDescription based on print version record.
504 _aIncludes bibliographical references and index.
650 0 _aMaterial culture.
655 7 _aElectronic books.
_2local
700 1 _aTilley, Christopher Y.
710 2 _aSage eBooks
776 0 8 _iPrint version :
_z9781412900393
856 4 0 _uhttp://ezproxy.alfaisal.edu/login?url=http://sk.sagepub.com/reference/hdbk_matculture
942 _2lcc
_cEBOOKS
999 _c480082
_d480082